Ekonomické problémy Slovenského sväzu včelárov

Bibliographic Details
Main Author: Rokošný, I. (Author)
Format: Article
Language:Slovak

MARC

LEADER 00000nab a2200000ua 4500
001 vtls010785239
003 SK-MaSNL
005 20260303120233.0
008 230131s1960 xo |||||||||||||||||slo|
035 |a (urnnbn)urn:nbn:sk:snk:ar-a002pq 
035 |a (uuid)87ec2cce-2eeb-46e6-82df-dfa7fc211070 
035 |a urn:nbn:sk:snk-ab4zns 
040 |a SNKBUCL  |b slo  |c SNKBUCL  |e AACR2 
041 0 |a slo 
044 |a xo  |c SK 
100 1 |a Rokošný, I.  |4 aut  |9 1132663 
245 1 0 |a Ekonomické problémy Slovenského sväzu včelárov  |c I. Rokošný 
773 0 |t Včelár : odborný časopis Povereníctva poľnohospodárstva a lesného hospodárstva a Ústredia včelárskych združení na Slovensku  |g Roč. 34, č. 2 (1960), s. 40-41 
954 |a odborná, vedecká literatúra pôvodná (slovenská)  |2 lita 
958 |a OND 
958 |a EUIPO 
958 |a article3 
999 |c 1908262  |d 1910192